Documents and resolutions / (Record no. 2108)

MARC details
000 -LEADER
fixed length control field 00894cam a2200265 i 4500
001 - CONTROL NUMBER
control field 4636880
003 - CONTROL NUMBER IDENTIFIER
control field OSt
005 - DATE AND TIME OF LATEST TRANSACTION
control field 20230621112907.0
008 - FIXED-LENGTH DATA ELEMENTS--GENERAL INFORMATION
fixed length control field 780608s1976 ru 100 0 eng
010 ## - LIBRARY OF CONGRESS CONTROL NUMBER
LC control number 78353972
015 ## - NATIONAL BIBLIOGRAPHY NUMBER
National bibliography number USSR***
020 ## - INTERNATIONAL STANDARD BOOK NUMBER
Terms of availability 0.18rub
040 ## - CATALOGING SOURCE
Original cataloging agency DLC
Transcribing agency DLC
Modifying agency DLC
043 ## - GEOGRAPHIC AREA CODE
Geographic area code e-ur---
050 00 - LIBRARY OF CONGRESS CALL NUMBER
Classification number JN6598
Item number .K5 1976v
082 00 - DEWEY DECIMAL CLASSIFICATION NUMBER
Classification number 328.30
Item number CPA
110 2# - MAIN ENTRY--CORPORATE NAME
Corporate name or jurisdiction name as entry element Kommunisticheskai︠a︡ partii︠a︡ Sovetskogo Soi︠u︡za.
Subordinate unit Sʺezd
Number of part/section/meeting (25th :
Location of meeting 1976 :
Date of meeting or treaty signing Moscow, R.S.F.S.R.)
245 00 - TITLE STATEMENT
Title Documents and resolutions /
Statement of responsibility, etc. 25th Congress of the Communist Party of the Soviet Union.
260 ## - PUBLICATION, DISTRIBUTION, ETC. (IMPRINT)
Place of publication, distribution, etc. Moscow :
Name of publisher, distributor, etc. Novosti Press,
Date of publication, distribution, etc. 1976.
300 ## - PHYSICAL DESCRIPTION
Extent 134 p. ;
Dimensions 17 cm.
490 0# - SERIES STATEMENT
Series statement Socialism, theory and practice
610 20 - SUBJECT ADDED ENTRY--CORPORATE NAME
Corporate name or jurisdiction name as entry element Kommunisticheskai︠a︡ partii︠a︡ Sovetskogo Soi︠u︡za
General subdivision Congresses.
906 ## - LOCAL DATA ELEMENT F, LDF (RLIN)
a 7
b cbc
c orignew
d 4
e ncip
f 19
g y-gencatlg
942 ## - ADDED ENTRY ELEMENTS (KOHA)
Source of classification or shelving scheme Dewey Decimal Classification
Koha item type Books
Holdings
Withdrawn status Lost status Source of classification or shelving scheme Damaged status Not for loan Home library Current library Date acquired Total Checkouts Full call number Barcode Date last seen Price effective from Koha item type
    Dewey Decimal Classification     County Hall Archives County Hall Archives 06/21/2023   328.30 CPA 10001388 06/21/2023 06/21/2023 Books
LIBRARY OPENING HOURS

When the Parliament is sitting: 8.00a.m - 7.00p.m or until the house adjourns
Mondays and Fridays and when the House is on Recess:  8.00a.m - 5.00p.m
Closed on Weekends and Public Holidays

Online Public Access Catalog (OPAC)
Website: http://www.parliament.go.ke
Bunge Library: https://libraryir.parliament.go.ke
Contact: library@parliament.go.ke | Tel no: (254-2)2221291 or 2848000 Ext 5043